Výsledky kvantitatívneho prieskumu zameraného na udržateľné správanie

Ekonomický prieskum zameraný na postoje mladých ľudí k súčasnému stavu životného prostredia.

Gespeichert in:
Bibliographische Detailangaben
1. Verfasser: Vokounová, Dana, 1962-
Format: Buchkapitel
Sprache:Slowakisch
Schlagworte:
Tags: Tag hinzufügen
Keine Tags, Fügen Sie das erste Tag hinzu!

MARC

LEADER 00000naa a2200000 4500
001 0191963
005 20240502073224.6
041 0 |a slo 
044 |a SK 
245 1 0 |a Výsledky kvantitatívneho prieskumu zameraného na udržateľné správanie  |c Dana Vokounová 
520 |a Ekonomický prieskum zameraný na postoje mladých ľudí k súčasnému stavu životného prostredia. 
610 2 0 |a správanie spotrebiteľa 
610 2 0 |a spotreba udržateľná 
610 2 0 |a prieskum spotrebiteľský 
610 2 0 |a ochrana prostredia životného 
100 1 |a Vokounová, Dana, 1962-